| Поле | Инд. | ПП | Название | Значение |
|---|---|---|---|---|
| Тип записи | a | |||
| Библиографический уровень | m | |||
| 001 | Контрольный номер | 45fa24a660744a6b828ef9cf659cd73a | ||
| 005 | Дата корректировки | 20240916162458.4 | ||
| 084 | a | Индекс другой классификации/Индекс ББК | 65 | |
| 097 | b | Оператор | Кондратьева | |
| 245 | 10 | a | Заглавие | Справочник руководителя учреждения культуры |
| n | Номер части/ раздела | 9 | ||
| 260 | c | Дата издания | 2024 | |
| 900 | a | Имя макрообъекта | 0000003837271 | |
| 901 | t | Тип документа | s |